000 00429pab a2200169 454500
008 180718b2014 xxu||||| |||| 00| 0 eng d
100 _aSaran, Shyam
245 _aBRICS - End of western dominance of the global financial and economic
260 _c2014
300 _ap.7-8.
362 _a2 Aug
650 _aBRICS
650 _aInternational economic relations
773 _aMainstream
908 _aN
909 _a104910
999 _c104905
_d104905